Regionální integrace a mnohostranný obchodní systém

Vznik nových regionálnych integračných dohôd v priebehu Uruguajského kola GATT medzi rokom 1990-1994. Nutnosť upresnenia článku XXIV GATT, aby jeho ustanovenia zodpovedali meniacim sa podmienkam v medzinárodnom obchode. Rozsah liberalizácie v rámci regionálnych dohôd. Úroveň prekážok obchodu. Únikov...

Ausführliche Beschreibung

Gespeichert in:
Bibliographische Detailangaben
1. Verfasser: Průša, Milan
Format: Buchkapitel
Sprache:Tschechisch
Schlagworte:
Tags: Tag hinzufügen
Keine Tags, Fügen Sie das erste Tag hinzu!

MARC

LEADER 00000naa a2200000 4500
001 r021920
005 20230908093110.8
041 0 |a cze 
044 |a CZ 
245 1 0 |a Regionální integrace a mnohostranný obchodní systém  |c M. Průša 
520 |a Vznik nových regionálnych integračných dohôd v priebehu Uruguajského kola GATT medzi rokom 1990-1994. Nutnosť upresnenia článku XXIV GATT, aby jeho ustanovenia zodpovedali meniacim sa podmienkam v medzinárodnom obchode. Rozsah liberalizácie v rámci regionálnych dohôd. Úroveň prekážok obchodu. Úniková doložka. Dohovor o článku XXIV GATT. Regionálna a globálna integrácia. Zahrnutie služieb do regionálnych dohôd. Dohoda o obchode so službami (GATS). 
610 2 0 |a obchod medzinárodný 
610 2 0 |a integrácia 
610 2 0 |a liberalizácia 
610 2 0 |a regionalizácia 
610 2 0 |a zmluvy obchodné 
610 2 0 |a liberalizácia 
610 2 0 |a UK GATT 
610 2 0 |a služby obchodné 
610 2 0 |a GATS 
100 1 |a Průša, Milan